Country Logic Puzzle by Scambigol #30 - Statistics

General Stats
  • This quiz has been taken 163 times
  • The average score is 24 of 48
Answers on the Map
Answers color-coded by a green-red scale on the quiz's map according to % correct below.
 
Answer Stats
Country % Correct
Gambia
94%
Senegal
93%
Guinea
78%
Guinea-Bissau
78%
Ivory Coast
78%
Liberia
77%
Sierra Leone
76%
Ghana
69%
Lesotho
61%
South Africa
61%
Burkina Faso
60%
Eswatini
58%
Benin
57%
Mozambique
57%
Togo
57%
Nigeria
53%
Cameroon
52%
Equatorial Guinea
52%
Gabon
52%
Republic of the Congo
52%
Malawi
45%
Tanzania
42%
Djibouti
41%
Somalia
41%
Angola
40%
Eritrea
40%
Ethiopia
40%
Kenya
40%
Namibia
40%
Sudan
40%
Algeria
39%
Botswana
39%
Egypt
39%
Libya
39%
Mauritania
39%
Morocco
39%
Tunisia
39%
Mali
36%
DR Congo
35%
Zambia
35%
Zimbabwe
35%
Niger
34%
Central African Republic
33%
Chad
33%
Burundi
31%
Rwanda
31%
South Sudan
31%
Uganda
31%
No matching quizzes found
Score Distribution
Percent of People with Each Score
Percentile by Number Answered
Your Score History
You have not taken this quiz